| 000 | 00771nam a2200241 a 4500 | ||
|---|---|---|---|
| 001 | 27784 | ||
| 003 | BD-RjUL | ||
| 005 | 20211209051212.0 | ||
| 008 | 140327r19711964enkbc b 001 0 eng d | ||
| 035 |
_a(BD-RjUL)27863 _a65-01608 |
||
| 040 |
_aDLC _cZYU _dBD-RjUL _beng |
||
| 041 | _aeng | ||
| 082 | 0 | 4 |
_a956.102 _bKIA 1971 |
| 100 | 1 |
_a Kinross, Patrick Balfour _985295 |
|
| 245 | 1 | 0 |
_aAtatürk : _bthe rebirth of a nation / _cLord Kinross. |
| 260 |
_aLondon : _bWeidenfeld & Nicolson, _cc1964 [impression 1971]. |
||
| 300 |
_axviii, 542 p. : _bill., maps., ports ; _c24 cm. |
||
| 504 | _aInclude bibliography and index. | ||
| 600 | 1 | 0 |
_aAtatürk, Kemal, _d1881-1938. _985312 |
| 651 | 0 |
_aTurkey _xHistory _y1918-1960. _982321 |
|
| 942 |
_2ddc _cBK |
||
| 999 |
_c27784 _d27784 |
||